000
00365 a2200169 4500
245
_a
Endoscopie et biopsie de l'intestin
100
_a
Beck, K.
700
_a
Dischler, W.
700
_a
Helms, M.
260
_c
1974
300
_a
XII-357 p.
035
_a
0518
035
_a
2472
999
_c
17517
_d
17517